[Event "Bayern-chB 79th"]
[Site "Bad Neustadt/Saale"]
[Date "2008.09.01"]
[Round "4"]
[White "Jussupow, Alexander"]
[Black "Pototzky, Daniel"]
[Result "0-1"]
[WhiteElo "2048"]
[BlackElo "2100"]
[PlyCount "88"]
[EventDate "2008.08.30"]
[EventType "swiss"]
[EventRounds "9"]
[EventCountry "GER"]
[SourceTitle "EXT 2015"]
[Source "ChessBase"]
[SourceDate "2014.11.20"]
[SourceVersion "1"]
[SourceVersionDate "2014.11.20"]
[SourceQuality "1"]

1. d4 Nf6 2. Nf3 g6 3. Bf4 Bg7 4. e3 0-0 5. h3 d5 6. c4 c5 7. Nc3 cxd4 8. exd4 Nc6 9. c5 Ne4 10. Bb5 Nxd4 11. Nxd4 e5 12. Be3 Nxc3 13. bxc3 Qa5 14. a4 Qxc3+ 15. Kf1 exd4 16. Rc1 Qb4 17. Bd2 Qa3 18. Qe1 a6 19. Bb4 Qb3 20. Rb1 Qc2 21. Rc1 Qe4 22. Be2 Re8 23. Qd2 Bf5 24. Re1 Qc2 25. g4 Qxd2 26. Bxd2 Be4 27. f3 Bc2 28. Bd1 Rxe1+ 29. Kxe1 Bxd1 30. Kxd1 Rc8 31. Bb4 Bf8 32. Rh2 a5 33. Bxa5 Rxc5 34. Bb4 Rc4 35. Bxf8 Kxf8 36. Rb2 Rxa4 37. Rxb7 Ra2 38. Rd7 Rf2 39. Rxd5 Rxf3 40. Rxd4 Rxh3 41. Ke2 Rh4 42. Ra4 Kg7 43. Kf3 h5 44. Ra7 Rxg4 0-1

[Event "Unterfranken-ch M2 59th"]
[Site "Rieneck"]
[Date "2008.03.29"]
[Round "9"]
[White "Amtmann, Florian"]
[Black "Pototzky, Daniel"]
[Result "1-0"]
[WhiteElo "1939"]
[BlackElo "1994"]
[PlyCount "145"]
[EventDate "2008.03.24"]
[EventType "swiss"]
[EventRounds "9"]
[EventCountry "GER"]
[SourceTitle "EXT 2015"]
[Source "ChessBase"]
[SourceDate "2014.11.20"]
[SourceVersion "1"]
[SourceVersionDate "2014.11.20"]
[SourceQuality "1"]

1. c4 Nf6 2. g3 g6 3. Bg2 d5 4. cxd5 Nxd5 5. Nc3 Nb6 6. Nf3 Bg7 7. 0-0 0-0 8. d3 Nc6 9. Be3 e5 10. Qc1 Re8 11. Bg5 f6 12. Bh6 Be6 13. Ne4 Bf5 14. Bxg7 Kxg7 15. Qc3 Bxe4 16. dxe4 Qe7 17. Rfd1 Red8 18. a3 Rxd1+ 19. Rxd1 Rd8 20. Rc1 Qe6 21. e3 Rd7 22. b4 Nd8 23. Qc2 Qc6 24. Qxc6 Nxc6 25. Bf1 Nd8 26. Ne1 Kf7 27. Bh3 Ne6 28. Kf1 Na4 29. Rc2 Ke7 30. f4 exf4 31. gxf4 b6 32. Ke2 a5 33. Nf3 axb4 34. axb4 c5 35. bxc5 Naxc5 36. e5 f5 37. Nd2 b5 38. Rb2 Rb7 39. Bg2 Rb8 40. Nc4 Kd7 41. Na5 Kc7 42. Nc6 Rb6 43. Nd4 b4 44. Nxe6+ Nxe6 45. Kd3 Kd7 46. Kc4 g5 47. Bd5 Nc7 48. Bg8 gxf4 49. exf4 Rc6+ 50. Kxb4 Ke7 51. Rg2 Rc1 52. Bc4 Ne8 53. Rg5 Rc2 54. h4 Rh2 55. h5 Rh4 56. Rxf5 h6 57. Rf7+ Kd8 58. Kc5 Rh1 59. e6 Rc1 60. f5 Rxc4+ 61. Kxc4 Nd6+ 62. Kd5 Nxf7 63. exf7 Ke7 64. Ke5 Kxf7 65. f6 Ke8 66. Kf4 Kf8 67. Ke5 Ke8 68. Ke6 Kf8 69. f7 Kg7 70. Ke7 Kh7 71. f8R Kg7 72. Rf6 Kh7 73. Kf7 1-0

[Event "Unterfranken-ch M2 59th"]
[Site "Rieneck"]
[Date "2008.03.28"]
[Round "7"]
[White "Reitz, Helmut"]
[Black "Pototzky, Daniel"]
[Result "0-1"]
[WhiteElo "1832"]
[BlackElo "1994"]
[PlyCount "146"]
[EventDate "2008.03.24"]
[EventType "swiss"]
[EventRounds "9"]
[EventCountry "GER"]
[SourceTitle "EXT 2015"]
[Source "ChessBase"]
[SourceDate "2014.11.20"]
[SourceVersion "1"]
[SourceVersionDate "2014.11.20"]
[SourceQuality "1"]

1. d4 Nf6 2. Nf3 g6 3. c3 Bg7 4. Bf4 d5 5. Nbd2 0-0 6. e3 Nbd7 7. Bd3 c5 8. 0-0 Qb6 9. b3 Nh5 10. Bg5 e5 11. e4 dxe4 12. Bxe4 exd4 13. cxd4 cxd4 14. Nc4 Qc5 15. Rc1 Nb6 16. a3 Nxc4 17. Rxc4 Qxa3 18. Nxd4 Qd6 19. Nb5 Qxd1 20. Rxd1 Be6 21. Bd5 Bxd5 22. Rxd5 Nf6 23. Bxf6 Bxf6 24. g3 Rfd8 25. Rxd8+ Bxd8 26. Rd4 a6 27. Nd6 Rb8 28. Ne4 Kf8 29. Rd7 Ke8 30. Rd4 Be7 31. Nc3 Rd8 32. Nd5 Rd7 33. Kg2 Kd8 34. Kf3 h6 35. g4 Bf8 36. Ke4 b5 37. Rd1 Bc5 38. f4 Bf8 39. f5 a5 40. Ra1 Ra7 41. fxg6 fxg6 42. Re1 a4 43. bxa4 bxa4 44. Ra1 a3 45. Ra2 Kd7 46. Nb6+ Ke6 47. Nc4 Ra4 48. Kd3 Be7 49. Ne3 Bg5 50. Nc4 Bc1 51. Kc3 Bb2+ 52. Nxb2 axb2 53. Rxb2 Rxg4 54. Rf2 Rg5 55. Kd4 Rf5 56. Rg2 g5 57. Ke4 Rf4+ 58. Ke3 Kf5 59. h3 Kg6 60. Rg3 Kh5 61. Ke2 Kh4 62. Ra3 h5 63. Ra5 g4 64. hxg4 hxg4 65. Ra1 Kh3 66. Rh1+ Kg2 67. Rh8 g3 68. Rh7 Re4+ 69. Kd3 Re8 70. Rf7 Kh2 71. Rh7+ Kg1 72. Rf7 Rh8 73. Ke2 g2 0-1

[Event "Schweinfurt op"]
[Site "Schweinfurt"]
[Date "2007.05.17"]
[Round "2"]
[White "Schmid, Michael1111"]
[Black "Pototzky, Daniel"]
[Result "1-0"]
[WhiteElo "2181"]
[BlackElo "1991"]
[PlyCount "89"]
[EventDate "2007.05.17"]
[EventType "swiss"]
[EventRounds "7"]
[EventCountry "GER"]
[SourceTitle "CBM 118 Extra"]
[Source "ChessBase"]
[SourceDate "2007.07.04"]
[SourceVersion "1"]
[SourceVersionDate "2007.07.04"]
[SourceQuality "1"]

1. d4 Nf6 2. g3 g6 3. Bg2 d5 4. c4 dxc4 5. Nf3 Bg7 6. Qa4+ Nbd7 7. Nc3 0-0 8. Qxc4 Nb6 9. Qd3 Be6 10. 0-0 Bc4 11. Qc2 e6 12. Rd1 Qe7 13. b3 Ba6 14. a4 Rfd8 15. Ba3 Qe8 16. b4 Bc4 17. Ne5 Nfd5 18. a5 Nxc3 19. Qxc3 Bxe2 20. Re1 Na4 21. Qxc7 Ba6 22. b5 Rac8 23. Qxf7+ Qxf7 24. Nxf7 Kxf7 25. bxa6 bxa6 26. Rab1 Rd7 27. Bh3 Re8 28. d5 Rxd5 29. Rb7+ Kf6 30. Re3 g5 31. Bg4 Kg6 32. Bxe6 Rd1+ 33. Kg2 Kf6 34. Rf7+ Kg6 35. Rxa7 Bd4 36. Bf7+ Kf5 37. Rf3+ Ke4 38. Bxe8 Bxa7 39. Bxa4 Rd2 40. Bc6+ Ke5 41. Bb7 g4 42. Rf8 Ra2 43. Bb4 h5 44. Bxa6 Kd4 45. Ra8 1-0

[Event "Unterfranken-ch HB 57th"]
[Site "Prichsenstadt"]
[Date "2006.04.21"]
[Round "7"]
[White "Pototzky, Daniel"]
[Black "Voelker, Joachim"]
[Result "1-0"]
[WhiteElo "2034"]
[BlackElo "1649"]
[PlyCount "51"]
[EventDate "2006.04.17"]
[EventType "swiss"]
[EventRounds "9"]
[EventCountry "GER"]
[SourceTitle "EXT 2015"]
[Source "ChessBase"]
[SourceDate "2014.11.20"]
[SourceVersion "1"]
[SourceVersionDate "2014.11.20"]
[SourceQuality "1"]

1. e4 c6 2. d3 d5 3. Nd2 e5 4. Ngf3 Bd6 5. d4 exd4 6. Nxd4 Nf6 7. Bd3 0-0 8. 0-0 dxe4 9. Nxe4 Bxh2+ 10. Kxh2 Qxd4 11. Nxf6+ Qxf6 12. Qh5 g6 13. Qh6 Qg7 14. Qh4 Re8 15. Bh6 Qe5+ 16. f4 Qh5 17. Qxh5 gxh5 18. Rae1 Bd7 19. Rxe8+ Bxe8 20. Rf3 Nd7 21. Rg3+ Kh8 22. Rg5 Nb6 23. Rg7 f5 24. Bxf5 Bg6 25. Be6 Bxc2 26. Rxb7 1-0